Sports Quiz

Random Sports or Basketball Quiz
Score 0/50 Timer 20:00
0 Plays Today
Hint Answer % Correct
Lebron JamesMagic Johnson
63.6%
Ben SimmonsLebron James
61.4%
CJ MccollumStephen Curry
56.8%
Trae YoungStephen Curry
56.8%
Zion WilliamsonCharles Barkley
54.5%
Paul GeorgeScottie Pippen
52.3%
Demarcus CousinsEddy Curry
52.3%
Victor OladipoTony Allen
52.3%
De'aaron FoxJohn Wall
45.5%
Zach LavineRussell Westbrook
40.9%
Joel EmbiidTim Duncan
40.9%
John WallDerrick Rose
40.9%
Kevin DurantDirk Nowitzki
38.6%
Anthony DavisKevin Garnett
36.4%
Blake GriffinKarl Malone
36.4%
Chris PaulIsiah Thomas
34.1%
Derrick RoseDwayne Wade
31.8%
Demar DerozanVince Carter
29.5%
Deandre JordanDwight Howard
22.7%
Damian LillardJay Williams
22.7%
Giannis AntetokounmpoNicolas Batum
22.7%
James HardenManu Ginobili
20.5%
Russell WestbrookRajon Rondo
20.5%
Kemba WalkerTim Hardaway
20.5%
Kyle LowryTim Hardaway
20.5%
Hint Answer % Correct
Luka DoncicToni Kukoc
20.5%
Pau GasolToni Kukoc
20.5%
Kyrie IrvingMike Conley
18.2%
Andre DrummondAmar'e Stoudemire
18.2%
Rudy GobertShawn Bradley
13.6%
Bradley BealEric Gordon
11.4%
Kristaps PorzingisAndrea Bargnani
11.4%
Kevin LoveWes Unseld
11.4%
Devin BookerGordon Hayward
9.1%
Al HorfordHorace Grant
9.1%
Khris MiddletonGordon Hayward
9.1%
Devin BookerGordon Hayward
9.1%
Jayson TatumAllan Houston
9.1%
Klay ThompsonMarco Belinelli
6.8%
Karl-Anthony TownsAndrew Bogut
6.8%
Ja MorantDe'aaron Fox
6.8%
Stephen CurryMahmoud Abdul-Rauf
4.5%
Jrue HolidayFlip Murray
4.5%
Kawhi LeonardLuc Mbah a Moute
2.3%
Draymond GreenLuke Harangody
2.3%
Nikola JokicNikola Vucevic
2.3%
Lamarcus AldridgeChanning Frye
2.3%
Mike ConleyTJ Ford
2.3%
Pascal SiakamJordan Mickey
2.3%
Marc GasolTodd MacCulloch
2.3%
Remove Ads.
Support Sporcle.
Get the best of Sporcle when you Go Orange. This ad-free experience offers more features, more stats, and more fun while also helping to support Sporcle. Thank you for becoming a member.

You're not logged in!

Compare scores with friends on all Sporcle quizzes.
OR
Log In

Sporcle TV

Today on Sporcle TV


Watch our educational content, quiz creation guides, and fun videos on Sporcle TV.

Show Comments

Extras

Top Quizzes Today


Score Distribution

Paid Content

Your Account Isn't Verified!

In order to create a playlist on Sporcle, you need to verify the email address you used during registration. Go to your Sporcle Settings to finish the process.

Report this User

Report this user for behavior that violates our Community Guidelines.

Details: